<?xml version="1.0" encoding="UTF-8"?>
<marc:record xmlns:marc="http://www.loc.gov/MARC21/slim">
   <marc:leader>00000nam a2200000 a 4500</marc:leader>
   <marc:datafield ind1="1" ind2=" " tag="100">
      <marc:subfield code="a">Katzen, May</marc:subfield>
   </marc:datafield>
   <marc:datafield ind1=" " ind2=" " tag="653">
      <marc:subfield code="a">Computer</marc:subfield>
   </marc:datafield>
   <marc:datafield ind1=" " ind2=" " tag="653">
      <marc:subfield code="a">Geisteswissenschaft</marc:subfield>
   </marc:datafield>
   <marc:datafield ind1=" " ind2=" " tag="653">
      <marc:subfield code="a">EDV</marc:subfield>
   </marc:datafield>
   <marc:datafield ind1="0" ind2="0" tag="245">
      <marc:subfield code="a">Scholarship and Technology in the Humanities</marc:subfield>
   </marc:datafield>
   <marc:datafield ind1=" " ind2="1" tag="264">
      <marc:subfield code="a">London (u.a.)</marc:subfield>
      <marc:subfield code="b">Bowker/Saur</marc:subfield>
      <marc:subfield code="c">1991</marc:subfield>
   </marc:datafield>
   <marc:datafield ind1="1" ind2=" " tag="520">
      <marc:subfield code="a">PZ 1/93*43 Dieses Buch dokumentiert eine internationale Konferenz über Forschung und Technik (gemeint: elektronische Datenverarbeitung) in den Geisteswissenschaften, die im Mai 1990 unter den Auspizien der British Library in Elvetham Hall, Hampshire, stattfand. Es ist bekannt, daß die Naturwissenschaften schon seit geraume rZeit intensiven Gebrauch von Möglichkeiten der EDV machen; wie weit der Einsatz der EDV aberauch schon in den Geisteswissenschaften geht, mag den Leser noch überraschen. Computer sind heute in jeder Phase auch des geisteswissenschaftlichen Kommunikationsprozesses anzutreffen: beginnend bei der Materialsammlung über die Ausarbeitung bis zu vielfältigen Formen der Verbreitung und Speicherung. Das Buch beschreibt im Detail Anwendungen in der Literaturwissenschaft, den klassischen Sprachen, in Geschichte und Archäologie.</marc:subfield>
   </marc:datafield>
   <marc:datafield ind1=" " ind2=" " tag="020">
      <marc:subfield code="a">0862916259</marc:subfield>
      <marc:subfield code="9">0862916259</marc:subfield>
   </marc:datafield>
   <marc:datafield ind1="0" ind2=" " tag="490">
      <marc:subfield code="v">0</marc:subfield>
   </marc:datafield>
   <marc:datafield ind1=" " ind2=" " tag="542">
      <marc:subfield code="d">Katzen, May</marc:subfield>
   </marc:datafield>
   <marc:datafield ind1=" " ind2=" " tag="300">
      <marc:subfield code="a">186 S.</marc:subfield>
   </marc:datafield>
</marc:record>
